000 00613nam a2200217Ii 4500
003 JO-AjNU
008 230606s9999||||xx |||||||||||||| ||und||
020 _a0-19-4421242
040 _aJO-AjNU
_beng
_erda
_cJO-AjNU
041 _aeng
050 1 4 _aPE1106.S94 1983
100 3 _aSwan , Micheal,
_eauthor
_95399
245 0 0 _aPractical English Usage
250 _a6 ed
264 3 1 _aHong kong : oxford University press , 1983
300 _a639p
336 _atext
_btxt
_2rdacontent
337 _aunmediated
_bn
_2rdamedia
338 _avolume
_bnc
_2rdacarrier
650 4 _aEnglish language -- UsageĀ 
_95400
999 _aE2788
_c2786
_d2786